LEADER 01171nam0-2200373-i-450- 001 990009584390403321 005 20120601093934.0 010 $a978-88-953664-3-2 035 $a000958439 035 $aFED01000958439 035 $a(Aleph)000958439FED01 035 $a000958439 100 $a20120601d2009----km-y0itay50------ba 101 0 $aita 102 $aIT 105 $a--------001yy 200 1 $a<> scuola fascista$eistituzioni, parole d'ordine e luoghi dell'immaginario$fa cura di Gianluca Gabrielli e Davide Montino$gintroduzione di Monica Galfré 210 $aVerona$cOmbre corte$d[2009] 215 $a191 p.$cill.$d21 cm 225 1 $aDocumenta$v10 300 $aIn cop. : Centro studi per la scuola pubblica 610 0 $aFascismo$aPolitica scolastica$a1922-1943 676 $a379.45 702 1$aGabrielli,$bGianluca 702 1$aMontino,$bDavide 702 1$aGalfré,$bMonica 712 02$aCentro studi per la scuola pubblica 801 0$aIT$bUNINA$gRICA$2UNIMARC 901 $aBK 912 $a990009584390403321 952 $a379 GAB 1$bD.D.S. 13335$fFLFBC 959 $aFLFBC 996 $aScuola fascista$9227403 997 $aUNINA LEADER 00873nam0-22003131i-450 001 990003295970403321 005 20220505141712.0 010 $a88-348-8065-X 035 $a000329597 035 $aFED01000329597 035 $a(Aleph)000329597FED01 035 $a000329597 100 $a20000920d1998----km-y0itay50------ba 101 0 $aita 105 $ay-------001yy 200 1 $aMontagne a confronto$eAlpi e Appennini nella transizione attuale$fGuglielmo Scaramellini (a cura di) 210 $aTorino$cGiappichelli$d1998 215 $ap.343 610 0 $aOrografia 676 $a551.432 702 1$aScaramellini,$bGuglielmo$f<1947- > 801 0$aIT$bUNINA$gRICA$2UNIMARC 901 $aBK 912 $a990003295970403321 952 $a050.012.SCA.01$b1435$fDECGE 959 $aDECGE 996 $aMONTAGNE A CONFRONTO$9446082 997 $aUNINA DB $aING01 LEADER 00966cam0-22003731i-450 001 990005982780403321 005 20220708150317.0 035 $a000598278 035 $aFED01000598278 035 $a(Aleph)000598278FED01 035 $a000598278 100 $a19980601d1901----km-y0itay50------ba 101 0 $aita 102 $aIT 105 $ay-------001yy 200 1 $aTeoria del titolo esecutivo$fMichele De Palo 210 $aNapoli$cDekten & Rocholl$d1901 215 $aXI, 309 p.$d24 cm 676 $a346.02 676 $a347 700 1$aDe Palo,$bMichele$0404435 801 0$aIT$bUNINA$gRICA$2UNIMARC 901 $aBK 912 $a990005982780403321 952 $a16-L-II-9$b583$fDDCP 952 $aDPR 32-69$b02712$fDEC 952 $aIX D 10$b173$fFGBC 952 $aLEGATO FIORE IX 37$b8301$fFGBC 959 $aDDCP 959 $aDEC 959 $aFGBC 996 $aTeoria del titolo esecutivo$9583422 997 $aUNINA DB $aGIU01